000 00488pam a2200169 a 4500
020 _a1-85605-858-1
_c
041 _h
082 _a641
100 _aMATTHEW BIGGS
_eAuthor
245 _aTHE COMPLETE BOOK OF VEGETABLES HERBS & FRUIT (THE DEFINITIVE SOURCE BOOK FOR GROWING , HARVESTING AND COOKING)
_cMATTHEW BIGGS
_hTextual Documents
250 _a1st
260 _awigston
_bSliverdale Books
300 _a639
653 _afood production
700 _eCo-Author
930 _a4818
999 _c232215
_d232215